000 00674nam a2200217Ia 4500
001 1419
003 GE_BSU
008 181216s||||||||xx |||||||||||||| ||und||
040 _cGE_BSU
080 _a631.3(075.8)
100 _aДиденко Н.К.
245 _aЭксплуатации машинно-тракторного парка
245 _bУчебное пособие для студ. сельского хоз. ин-тов.
260 _aКиев
260 _bВища школа
260 _c1977
300 _a390 с. 21 см.
541 _h12 л.
653 _aЭксплуатации машинно-тракторного парка
942 _cBK
999 _c35558
_d35558